Použitie Mössbauerovej spektrometrie pri štúdiu vlastností katalyzátorov na báze železa : Kand.diz.práca : V.odb. 11-30-9 : Obh. 25.6.1981 /

Gespeichert in:
Bibliographische Detailangaben
1. Verfasser: Kiss, Gabriel (Verfasst von)
Weitere Verfasser: Cirák, Július, 1953- (Betreuung Doktorarbeit)
Format: Manuskript Buch
Veröffentlicht: Bratislava : SVŠT v Bratislave EF, 1980
Schlagworte:
Tags: Tag hinzufügen
Keine Tags, Fügen Sie das erste Tag hinzu!

MARC

LEADER 00000ntm a22000003a 4500
001 stu5367
005 20150617225811.2
008 ------s1980----------------------------d
040 |a STU  |b slo 
041 0
100 1 |a Kiss, Gabriel  |4 aut 
245 1 |a Použitie Mössbauerovej spektrometrie pri štúdiu vlastností katalyzátorov na báze železa :  |b Kand.diz.práca : V.odb. 11-30-9 : Obh. 25.6.1981 /  |c [aut.] Kiss,Gabriel, Ing.; Škol. Cirák,Július 
260 |a Bratislava :  |b SVŠT v Bratislave EF,  |c 1980 
300 |a 130 s  |c Autoref.1980, 20 s 
650 7 |a aplikovaná fyzika  |2 stusub 
700 1 |a Cirák, Július,  |d 1953-  |4 ths  |u E060  |U FEI Fakulta elektrotechniky a informatiky  |T FEI Ústav jadrového a fyzikálneho inžinierstva  |X 2035  |U E060  |Y 817  |7 A000002035 
996 |b 284ED00393  |c E*KDIZ-301  |l EE01  |s A  |a 24  |w stu5367_0001